Mineral processing technology: an introduction to the practical aspects of ore treatment and mineral recovery (5th ed.) (Record no. 77672)
[ view plain ]
| 000 -LEADER | |
|---|---|
| fixed length control field | 00962nam a2200229 a 4500 |
| 008 - FIXED-LENGTH DATA ELEMENTS--GENERAL INFORMATION | |
| fixed length control field | 120416s1992 ||||||||||||||||| || u |
| 020 ## - INTERNATIONAL STANDARD BOOK NUMBER | |
| International Standard Book Number | 0080418856 |
| 050 ## - LIBRARY OF CONGRESS CALL NUMBER | |
| Classification number | TN 500 Wil |
| 100 ## - MAIN ENTRY--PERSONAL NAME | |
| Personal name | Wills, B. A. (Barry Alan) |
| 245 10 - TITLE STATEMENT | |
| Title | Mineral processing technology: an introduction to the practical aspects of ore treatment and mineral recovery (5th ed.) |
| 250 ## - EDITION STATEMENT | |
| Edition statement | 5th ed. |
| 260 ## - PUBLICATION, DISTRIBUTION, ETC. | |
| Place of publication, distribution, etc. | Oxford |
| Name of publisher, distributor, etc. | Pergamon |
| Date of publication, distribution, etc. | 1992 |
| 300 ## - PHYSICAL DESCRIPTION | |
| Extent | xix, 855p. : ill. |
| 350 ## - | |
| -- | 0.00 |
| 490 ## - | |
| -- | International series on materials science & technology |
| 500 ## - GENERAL NOTE | |
| General note | Bibliography. |
| 650 #3 - SUBJECT ADDED ENTRY--TOPICAL TERM | |
| Topical term or geographic name entry element | MINERALS |
| 650 ## - SUBJECT ADDED ENTRY--TOPICAL TERM | |
| Topical term or geographic name entry element | Mineral processing |
| 650 ## - SUBJECT ADDED ENTRY--TOPICAL TERM | |
| Topical term or geographic name entry element | ORE--DRESSING |
| 995 ## - | |
| -- | BINDERY (DAMAGED) |
| -- | 0.00 |
| -- | 726939 |
| -- | CBU-MAIN LIBRARY (Kitwe) |
| -- | 1 |
| -- | 124000.00 |
| -- | TN 500 Wil |
| -- | 1 |
| -- | DAMAGED |
| -- | 015877 |
| -- | Main Library Open Access Collection |
| 995 ## - | |
| -- | BINDERY (DAMAGED) |
| -- | 0.00 |
| -- | 740194 |
| -- | CBU-MAIN LIBRARY (Kitwe) |
| -- | 2 |
| -- | 124000.00 |
| -- | TN 500 Wil |
| -- | AVAILABLE |
| -- | 015878 |
| -- | Main Library Open Access Collection |
| 999 ## - | |
| -- | 77672 |
| -- | 77672 |
| Withdrawn status | Lost status | Source of classification or shelving scheme | Damaged status | Not for loan | Permanent Location | Current Location | Shelving location | Date acquired | Total Checkouts | Full call number | Barcode | Date last seen | Copy number | Price effective from | Koha item type |
|---|---|---|---|---|---|---|---|---|---|---|---|---|---|---|---|
| CBU-MAIN LIBRARY, KITWE. | CBU-MAIN LIBRARY, KITWE. | 05/03/2023 | TN 500 Wil | 015877 | 05/03/2023 | 1 | 05/03/2023 | MONOGRAPH | |||||||
| CBU-MAIN LIBRARY, KITWE. | CBU-MAIN LIBRARY, KITWE. | 05/03/2023 | TN 500 Wil | 015878 | 05/03/2023 | 2 | 05/03/2023 | MONOGRAPH |